|
|
|
|
| LEADER |
00686nab a2200181 i 4500 |
| 001 |
misc10185 |
| 005 |
20191106143213.0 |
| 008 |
170607s1924 hu o 0|| hun d |
| 022 |
|
|
|a 0025-0260
|
| 040 |
|
|
|a SZTE Miscellanea Repozitórium
|b hun
|
| 041 |
|
|
|a hun
|
| 100 |
1 |
|
|a Schneller István
|
| 245 |
1 |
0 |
|a Kant mint pedagógus I. rész
|h [elektronikus dokumentum] /
|c Schneller István
|
| 260 |
|
|
|c 1924
|
| 300 |
|
|
|a 7-13
|
| 490 |
0 |
|
|a Magyar pedagógia : a Magyar Tudományos Akadémia Pedagógiai Bizottságának folyóirata
|v 33
|
| 695 |
|
|
|a Kant Immanuel, Filozófia német 18-19. sz., Kant, Immanuel
|
| 856 |
4 |
0 |
|u http://misc.bibl.u-szeged.hu/10185/1/mp_1924_2872_007-013.pdf
|z Dokumentum-elérés
|